| 000 | 00968nam a22001937a 4500 | ||
|---|---|---|---|
| 999 |
_c59646 _d59646 |
||
| 003 | Ge_BSU | ||
| 005 | 20230328165658.0 | ||
| 008 | 230328s1992 ge ||||| |||| 00| 0 geo d | ||
| 041 | _ageo | ||
| 080 | _a347.65(479.22) ზ-78 | ||
| 100 |
_aზოიძე, ბესარიონ _917300 |
||
| 245 |
_aფეოდალური საქართველოს მემკვიდრეობითი სამართალი / _cბესარიონ ზოიძე ; რედ. გ. ნადარეიშვილი. |
||
| 264 |
_aბათუმი : _bაჭარა, _c1992. |
||
| 300 |
_a192 გვ. : _bილ. ; _c20 სმ. |
||
| 504 | _aბიბლიოგრ. ტექსტ. შენიშვნ. | ||
| 653 | _aსაქართველოს მემკვიდრეობითი სამართალი | ||
| 700 |
_aნადარეიშვილი, გ. _eრედაქტორი _94029 |
||
| 942 |
_2udc _cBK |
||